Lata w których Ligę Mistrzów wygrały hiszpańskie kluby - Statystyki

Ogólne statystyki
  • Ten quiz został rozwiązany 57 razy
  • Średni wynik to 18 z 19
Statystyki odpowiedzi
Klub Rok % Poprawnych
FC Barcelona 2009
100%
FC Barcelona 2011
100%
FC Barcelona 2015
100%
Real Madryt 2018
100%
Real Madryt 2022
100%
FC Barcelona 2006
98%
Real Madryt 2014
98%
Real Madryt 2016
98%
Real Madryt 2017
98%
Real Madryt 1998
96%
Real Madryt 2002
96%
Real Madryt 1956
94%
Real Madryt 1957
94%
Real Madryt 1958
94%
Real Madryt 1959
94%
Real Madryt 1960
94%
Real Madryt 2000
94%
FC Barcelona 1992
93%
Real Madryt 1966
91%
Nie znaleziono quizów pasujących do podanych kryteriów
Rozkład punktacji
Procent ludzi z każdym wynikiem
Percentyl według liczby udzielonych odpowiedzi
Twoja historia wyników
Nie rozwiązałeś tego quizu